[Event "DEN-ch Seniors"]
[Site "Aalborg"]
[Date "2023.02.19"]
[Round "3"]
[White "Lytzen, Lars Erik"]
[Black "Grue, Vibeke"]
[Result "1/2-1/2"]
[WhiteElo "1426"]
[BlackElo "1176"]
[PlyCount "145"]
[EventDate "2023.02.19"]
[EventType "swiss"]
[EventRounds "7"]
[EventCountry "DEN"]
[SourceTitle "CBM 213 Extra"]
[Source "ChessBase"]
[SourceDate "2023.05.31"]
[SourceVersion "1"]
[SourceVersionDate "2023.05.31"]
[SourceQuality "1"]

1. Nf3 Nc6 2. b3 Nf6 3. Bb2 d5 4. d3 Bf5 5. Nbd2 e6 6. g3 Bd6 7. Bg2 0-0 8. 0-0 e5 9. Re1 h6 10. e4 dxe4 11. dxe4 Be6 12. a3 Bc5 13. b4 Bb6 14. c4 Bd4 15. Bxd4 exd4 16. Rc1 a6 17. Nb3 d3 18. Nc5 Nd4 19. Qxd3 Nxf3+ 20. Bxf3 Bh3 21. Qxd8 Raxd8 22. Nxb7 Rd3 23. Re3 Rxe3 24. fxe3 Nd7 25. Rd1 Ne5 26. Be2 c6 27. Nc5 a5 28. b5 f5 29. a4 Bg4 30. Bxg4 Nxg4 31. Rd3 Ne5 32. Rc3 g6 33. Kg2 Rd8 34. Rc2 Ng4 35. Kf3 Kf7 36. Nb7 Rd3 37. exf5 gxf5 38. Nxa5 Nxe3 39. Ke2 Ra3 40. Rd2 cxb5 41. axb5 Ng4 42. b6 Rxa5 43. b7 Re5+ 44. Kd1 Re8 45. Rd7+ Ke6 46. Rc7 Rb8 47. Rh7 Kd6 48. Kc2 Kc6 49. h3 Nf2 50. Rxh6+ Kxb7 51. h4 Ng4 52. Rh7+ Kc6 53. Kc3 Re8 54. Rf7 Re5 55. Rf8 Re3+ 56. Kb4 Re5 57. Rc8+ Kb6 58. Rb8+ Kc6 59. Rb5 Re1 60. Rxf5 Rb1+ 61. Kc3 Rc1+ 62. Kd2 Rxc4 63. Rf4 Rxf4 64. gxf4 Kd5 65. Kd3 Ke6 66. Ke4 Kf6 67. f5 Nh6 68. Kf4 Nxf5 69. h5 Ne7 70. Kg4 Ng8 71. Kh4 Kg7 72. Kg5 Nh6 73. Kh4 1/2-1/2

[Event "DEN-ch Seniors"]
[Site "Aalborg"]
[Date "2023.02.19"]
[Round "2"]
[White "Pilgaard, Erik"]
[Black "Lytzen, Lars Erik"]
[Result "1-0"]
[WhiteElo "1528"]
[BlackElo "1426"]
[PlyCount "35"]
[EventDate "2023.02.19"]
[EventType "swiss"]
[EventRounds "7"]
[EventCountry "DEN"]
[SourceTitle "CBM 213 Extra"]
[Source "ChessBase"]
[SourceDate "2023.05.31"]
[SourceVersion "1"]
[SourceVersionDate "2023.05.31"]
[SourceQuality "1"]

1. e4 e6 2. d4 d5 3. exd5 exd5 4. Nf3 Nf6 5. Nc3 Bb4 6. Bd2 Nc6 7. Be2 0-0 8. 0-0 Bg4 9. a3 Ba5 10. Ne5 Bxe2 11. Nxe2 Bxd2 12. Nxc6 bxc6 13. Qxd2 Qd6 14. Ng3 Rfe8 15. Nf5 Qd7 16. Nxg7 Ne4 17. Nxe8 Nxd2 18. Nf6+ 1-0

[Event "DEN-ch Seniors"]
[Site "Aalborg"]
[Date "2023.02.19"]
[Round "7"]
[White "Schacht, Jorgen Vejby"]
[Black "Lytzen, Lars Erik"]
[Result "1-0"]
[WhiteElo "1799"]
[BlackElo "1426"]
[PlyCount "87"]
[EventDate "2023.02.19"]
[EventType "swiss"]
[EventRounds "7"]
[EventCountry "DEN"]
[SourceTitle "CBM 213 Extra"]
[Source "ChessBase"]
[SourceDate "2023.05.31"]
[SourceVersion "1"]
[SourceVersionDate "2023.05.31"]
[SourceQuality "1"]

1. d4 Nf6 2. c4 b6 3. Nc3 Bb7 4. Nf3 d6 5. Qc2 Nbd7 6. e4 g6 7. Bf4 Bg7 8. Be2 0-0 9. 0-0-0 Re8 10. h4 e5 11. dxe5 Ng4 12. Bg3 Ndxe5 13. Nxe5 Nxe5 14. h5 Qg5+ 15. Kb1 Nd7 16. hxg6 Qxg6 17. Bd3 Nc5 18. Nd5 Bxd5 19. exd5 Nxd3 20. Qxd3 Qxd3+ 21. Rxd3 Re2 22. Rb3 Rae8 23. a4 a5 24. Bh4 Rd2 25. Rg3 Kh8 26. Rb3 Bd4 27. Rf1 Ree2 28. Bd8 Rxf2 29. Rxf2 Rxf2 30. Bxc7 Bc5 31. Bxb6 Rxg2 32. Bxa5 Kg7 33. Bc3+ Kg6 34. Rb8 Rg4 35. Rg8+ Kf5 36. Rxg4 Kxg4 37. a5 h5 38. b4 Ba7 39. Be1 f5 40. b5 f4 41. b6 Bb8 42. a6 h4 43. Bxh4 Kxh4 44. a7 1-0

[Event "DEN-ch G5-2B"]
[Site "Skorping"]
[Date "2017.04.14"]
[Round "2"]
[White "Lytzen, Lars Erik"]
[Black "Hermansen, Mogens"]
[Result "1/2-1/2"]
[WhiteElo "1478"]
[BlackElo "1667"]
[PlyCount "63"]
[EventDate "2017.04.13"]
[EventType "swiss"]
[EventRounds "5"]
[EventCountry "DEN"]
[SourceTitle "EXT 2023"]
[Source "ChessBase"]
[SourceDate "2022.10.05"]
[SourceVersion "1"]
[SourceVersionDate "2022.10.05"]
[SourceQuality "1"]

1. Nf3 d5 2. d4 e6 3. Bf4 Nf6 4. g3 c5 5. Bg2 Nc6 6. c3 Be7 7. 0-0 0-0 8. Nbd2 cxd4 9. Nxd4 Bd7 10. Nxc6 Bxc6 11. Nf3 Qb6 12. Qc2 a5 13. Be3 Bc5 14. Bxc5 Qxc5 15. Rfe1 Rac8 16. Rad1 b5 17. Qd2 Ne4 18. Qd4 Qe7 19. Ne5 Nf6 20. Ng4 Nxg4 21. Qxg4 Bd7 22. Qd4 a4 23. a3 Rc4 24. Qd2 f5 25. e3 Rd8 26. Bf1 Rc7 27. Qd4 Qc5 28. Qxc5 Rxc5 29. Bg2 Kf7 30. Rd4 Kf6 31. Red1 Rc4 32. Bf1 1/2-1/2